Words that are European Cities - Statistics

General Stats
  • This quiz has been taken 51,274 times
  • The average score is 13 of 20
Answers on the Grid
Answers color-coded by a green-red scale on the quiz's grid according to % correct below.
Angers
Ascot
Bath
Bent
Bowler
Cheddar
Coaster
Cognac
Cologne
Cork
Crouton
Derby
Dijon
Gibbon
Gouda
Joint
Lager
Marathon
Mozzarella
Nice
Ravioli
Reading
Rugby
Sandwich
Slough
Spa
Split
Steeplechase
Tilting
Tours
Worms
Zugzwang
 
Answer Stats
Answer % Correct
Germany Cologne
91%
France Nice
88%
France Dijon
85%
Ireland Cork
83%
England Derby
82%
England Bath
81%
England Reading
72%
France Cognac
68%
Croatia Split
68%
France Tours
67%
France Angers
65%
Greece Marathon
65%
England Ascot
59%
Belgium Spa
58%
Netherlands Gouda
57%
England Slough
53%
England Sandwich
50%
England Cheddar
48%
England Rugby
46%
Germany Worms
42%
No matching quizzes found
Score Distribution
Percent of People with Each Score
Percentile by Number Answered
Your Score History
You have not taken this quiz